Full Itzy Discography - Statistics

General Stats
  • This quiz has been taken 72 times
    34 since last reset
  • The average score is 63 of 84
Answer Stats
Yours Truly % Correct
Cheshire
100%
1 DALLA DALLA
100%
3 ICY
100%
LOCO
100%
12 Not Shy
100%
RINGO
100%
Voltage
100%
6 WANNABE
100%
Algorhythm
97%
Blah Blah Blah
97%
BORN TO BE
97%
GOLD
97%
In the Morning
93%
SNEAKERS
93%
Imaginary Friend
90%
Mr. Vampire
90%
CAKE
86%
Snowy
86%
UNTOUCHABLE
86%
Blossom (LIA)
83%
Boys Like You
83%
4 CHERRY
83%
Escalator
83%
iD
83%
Mine (CHAERYEONG)
83%
None of My Business
83%
Run Away (RYUJIN)
83%
11 24HRS
79%
Be In Love
79%
Crown On My Head (YEJI)
79%
Dynamite
79%
FIVE
79%
5 IT'z SUMMER
79%
No Biggie
79%
VAY (feat. Changbin)
79%
2 WANT IT?
79%
Bad Girls R Us
76%
Freaky
76%
Kill Shot
76%
LOVE is
76%
RACER
76%
SHOOT!
76%
Supernatural
76%
SURF
76%
TENNIS (0:0)
76%
7 TING TING TING
76%
#Twenty
76%
Wild Wild West
76%
Yet, but (YUNA)
76%
BET ON ME
72%
Break Ice (withSecond Aunt KimDaVi)
72%
Free Fall
72%
Gas Me Up
72%
10 I DON'T WANNA DANCE
72%
Psychic Lover
72%
Spice
72%
SWIPE
72%
WHAT I WANT
72%
365
69%
Louder
69%
Mirror
69%
Sorry Not Sorry
69%
B[OO]M-BOXX
66%
Bratty
66%
Chillin' Chillin'
66%
DOMINO
66%
13 Don't Give a What
66%
KIDDING ME
66%
9 NOBODY LIKE YOU
66%
STYLE
66%
8 THAT'S A NO NO
66%
Can't tie me down
62%
Sugar-holic
62%
Break My Heart Myself(with Bebe Rexha)
59%
Sooo LUCKY
59%
Playlist
55%
YOU MAKE ME
52%
Like Magic (with J.Y. Park,Stray Kids & NMIXX)
48%
Weapon
45%
Trust Me (MIDZY)
41%
SUPERPOWERS
38%
Blue Flower
34%
One Hundred Love
28%
Always be your star
24%
No matching quizzes found
Score Distribution
Percent of People with Each Score
Percentile by Number Answered
Your Score History
You have not taken this quiz since the last reset